BIBLIOTHÈQUE DE LA MAISON DU MEXIQUE

Logo 1 Logo 2

El federalismo (notice nᵒ 862)

détails MARC
000 -Sello discográfico
campo de control de longitud fija 00881nam a2200289 4500
005 - Identificación de versión
campo de control 20251103185915.0
010 ## - Número Estándar Internacional de Libros (ISBN)
Número (ISBN) 968-36-4544-5
035 ## - Otros números de control del sistema
Número de control del sistema 21187
099 ## - fechas locales
Tipo de ítem Koha LIBRO
100 ## - Datos de procesamiento general
Datos de procesamiento general 19960718d1995 m y1spay5003 ba
101 ## - Idioma del recurso
Idioma del texto, banda sonora, etc. Español; Castellano
105 ## - Campo de datos codificados: Material textual, monográfico
Datos codificados de monografía y 001zy
200 1# - Título y mención de responsabilidad
Título propio El federalismo
Designación general del material texto impreso
Primer mención de responsabilidad Manuel González Oropeza
205 ## - Declaración de edición
Declaración de edición 1a ed
210 ## - Publicación, distribución, etc.
Lugar de publicación, distribución, etc. México
Nombre del editor, distribuidor, etc. Universidad Nacional Autónoma de México, Instituto de Investigaciones Jurídicas
Fecha de publicación, distribución, etc. 1995
215 ## - Descripción física
Designación de material específico y extensión del ítem 760 p
Dimensiones 23 cm
345 ## - Nota de información de adquisición
Fuente de adquisición/dirección de la suscripción [OBSOLETO] Donación de la UNAM
410 #1 - Series
Título Serie C
Nombre de parte o sección Estudios Históricos
Número de volumen 53
606 ## - Término temático usado como materia
Elemento de entrada Gobierno federal
Subdivisión geográfica México
Número Koha 2340
660 ## - Código de área geográfica
Código MX
700 ## - Nombre personal - Responsabilidad primaria
Elemento de entrada González Oropeza
Parte del nombre distinta del elemento de entrada Manuel
Fechas 1953-
Número Koha 2182
801 #0 - Fuente de origen
País FR
Agencia cm
Reglas de catalogación (convenciones descriptivas) AFNOR
856 ## - Localización electrónica y acceso
Identificador Uniforme de Recurso https://biblio.juridicas.unam.mx/bjv/detalle-libro/704-el-federalismo
942 ## - ELEMENTOS DE ENTRADA SECUNDARIOS (KOHA)
Tipo de ítem Koha Livre
Exemplaires
Estatus retirado Estado de daño Estado de pérdida Fecha de adquisición Biblioteca de origen Biblioteca actual Ubicación en estantería Código de barras Precio de reemplazo Signatura topográfica completa No para préstamo Tipo de ítem Koha Nota pública Nota no pública
      05/08/2025 Casa México Paris Casa México Paris   006236 05/08/2025 321.021 G643FE   Livre 20220303LIV 751145101